[Event "Runavik op"]
[Site "Runavik"]
[Date "2018.11.14"]
[Round "3"]
[White "Schadd, Jan"]
[Black "Nielsen, Suni i Horni"]
[Result "1-0"]
[WhiteElo "1842"]
[BlackElo "1563"]
[PlyCount "69"]
[EventDate "2018.11.12"]
[EventType "swiss"]
[EventRounds "9"]
[EventCountry "FAI"]
[SourceTitle "CBM 187 Extra"]
[Source "ChessBase"]
[SourceDate "2018.11.04"]
[SourceVersion "1"]
[SourceVersionDate "2018.11.04"]
[SourceQuality "1"]

1. Nf3 Nc6 2. d4 d5 3. c4 e6 4. Nc3 h6 5. g3 Nf6 6. Bg2 Bd6 7. 0-0 b6 8. cxd5 exd5 9. Qa4 Bd7 10. Nb5 Be7 11. Bf4 Rc8 12. Nxa7 Nxa7 13. Qxa7 Bb5 14. Rfc1 c6 15. Qb7 Nh5 16. a4 Nxf4 17. axb5 Nxe2+ 18. Kf1 Nxc1 19. Rxc1 c5 20. dxc5 bxc5 21. Ne5 f6 22. Ng6 Rc7 23. Qxd5 Rd7 24. Qh5 Qb8 25. Bc6 Kd8 26. Nxh8 Rd4 27. Qe8+ Kc7 28. Qxb8+ Kxb8 29. Ng6 Bd6 30. Ke2 Kc7 31. f4 Rb4 32. Rc2 Ra4 33. Rd2 Ra1 34. Nh4 Rh1 35. Bxh1 1-0

[Event "Guernsey op 43rd"]
[Site "Vale"]
[Date "2017.10.17"]
[Round "3"]
[White "Schadd, Jan"]
[Black "Collier, David"]
[Result "0-1"]
[WhiteElo "1869"]
[BlackElo "2015"]
[PlyCount "64"]
[EventDate "2017.10.15"]
[EventType "swiss"]
[EventRounds "7"]
[EventCountry "GCI"]
[SourceTitle "CBM 181 Extra"]
[Source "ChessBase"]
[SourceDate "2017.12.12"]
[SourceVersion "1"]
[SourceVersionDate "2017.12.12"]
[SourceQuality "1"]

1. d4 Nf6 2. Nf3 e6 3. c4 Bb4+ 4. Bd2 a5 5. g3 d5 6. Bg2 Nc6 7. cxd5 exd5 8. 0-0 0-0 9. Nc3 h6 10. Bf4 Bf5 11. Ne5 Ne7 12. Rc1 c6 13. f3 Ng6 14. Qd2 Re8 15. g4 Nxf4 16. Qxf4 Be6 17. Qg3 Bd6 18. e3 Nd7 19. f4 f6 20. Nd3 Qb6 21. Rf2 Bf7 22. Qh3 Re7 23. Rff1 Ree8 24. Nd1 Qb5 25. Ne1 c5 26. g5 cxd4 27. gxh6 g6 28. Nc2 dxe3 29. Ncxe3 Bc5 30. Nc3 Qd3 31. Ncxd5 Bxd5 32. Rcd1 Qxe3+ 0-1

[Event "Guernsey op 43rd"]
[Site "Vale"]
[Date "2017.10.16"]
[Round "2"]
[White "Schadd, Jan"]
[Black "Kraft, Karl Heinz"]
[Result "1/2-1/2"]
[WhiteElo "1869"]
[BlackElo "2036"]
[PlyCount "56"]
[EventDate "2017.10.15"]
[EventType "swiss"]
[EventRounds "7"]
[EventCountry "GCI"]
[SourceTitle "CBM 181 Extra"]
[Source "ChessBase"]
[SourceDate "2017.12.12"]
[SourceVersion "1"]
[SourceVersionDate "2017.12.12"]
[SourceQuality "1"]

1. d4 f5 2. Bg5 g6 3. Nc3 Bg7 4. e4 fxe4 5. Nxe4 d5 6. Nc3 Nh6 7. Qd2 Nf7 8. Bf4 c6 9. Nf3 Bf5 10. 0-0-0 Nd7 11. h3 Nf6 12. Ne5 0-0 13. Nxf7 Rxf7 14. f3 Qf8 15. g4 Bd7 16. Be5 Ne8 17. f4 Bxe5 18. fxe5 Nc7 19. Bd3 Rf2 20. Qe3 Rf3 21. Qd2 Qf4 22. Rdf1 Qxd2+ 23. Kxd2 Raf8 24. Rxf3 Rxf3 25. Ke2 Rf4 26. Ke3 Ne6 27. Ne2 Rf8 28. h4 Kg7 1/2-1/2

[Event "Guernsey op 43rd"]
[Site "Vale"]
[Date "2017.10.15"]
[Round "1"]
[White "Havenaar, Jan"]
[Black "Schadd, Jan"]
[Result "1/2-1/2"]
[WhiteElo "2030"]
[BlackElo "1869"]
[PlyCount "40"]
[EventDate "2017.10.15"]
[EventType "swiss"]
[EventRounds "7"]
[EventCountry "GCI"]
[SourceTitle "CBM 181 Extra"]
[Source "ChessBase"]
[SourceDate "2017.12.12"]
[SourceVersion "1"]
[SourceVersionDate "2017.12.12"]
[SourceQuality "1"]

1. Nc3 d5 2. e4 d4 3. Nce2 e5 4. Ng3 Be6 5. c3 c5 6. Bb5+ Nc6 7. Nf3 f6 8. Qe2 Nge7 9. 0-0 Qd7 10. b4 Ng6 11. bxc5 Nf4 12. Qd1 d3 13. Ba3 h5 14. Qa4 g6 15. Rfb1 h4 16. Nf1 Bh3 17. Bxc6 bxc6 18. Ne3 Bxg2 19. Nxg2 Qg4 20. Nfe1 Nh3+ 1/2-1/2

[Event "Politiken Cup 37th"]
[Site "Helsingor"]
[Date "2015.07.28"]
[Round "5"]
[White "Schadd, Jan"]
[Black "Christiansen, Niels Jorgen"]
[Result "1-0"]
[WhiteElo "1852"]
[BlackElo "1625"]
[PlyCount "69"]
[EventDate "2015.07.25"]
[EventType "swiss"]
[EventRounds "10"]
[EventCountry "DEN"]
[SourceTitle "CBM 167 Extra"]
[Source "ChessBase"]
[SourceDate "2015.09.14"]
[SourceVersion "1"]
[SourceVersionDate "2015.09.14"]
[SourceQuality "1"]

1. Nf3 d5 2. c4 c6 3. d4 Nf6 4. Nc3 Bf5 5. e3 e6 6. Qb3 Qb6 7. c5 Qc7 8. Nh4 Bg6 9. Nxg6 hxg6 10. f4 Be7 11. Be2 Nbd7 12. Bd2 Rb8 13. Qc2 b6 14. cxb6 Nxb6 15. Rc1 Bb4 16. 0-0 Nc4 17. Bxc4 dxc4 18. Nb1 Bxd2 19. Nxd2 Nd5 20. Nxc4 Rb4 21. Rf3 0-0 22. a3 Rb7 23. b4 Qd7 24. Ne5 Qc7 25. Qxc6 Qxc6 26. Rxc6 Rc7 27. Rxc7 Nxc7 28. Nc6 f6 29. e4 Kf7 30. Rc3 Nb5 31. Rc5 Nxa3 32. Ra5 Nc2 33. Rxa7+ Kg8 34. b5 e5 35. d5 1-0

[Event "Politiken Cup 37th"]
[Site "Helsingor"]
[Date "2015.07.25"]
[Round "1"]
[White "Schadd, Jan"]
[Black "Verstraeten, Reinaert"]
[Result "0-1"]
[WhiteElo "1852"]
[BlackElo "2312"]
[PlyCount "54"]
[EventDate "2015.07.25"]
[EventType "swiss"]
[EventRounds "10"]
[EventCountry "DEN"]
[SourceTitle "CBM 167 Extra"]
[Source "ChessBase"]
[SourceDate "2015.09.14"]
[SourceVersion "1"]
[SourceVersionDate "2015.09.14"]
[SourceQuality "1"]

1. d4 Nf6 2. Nf3 g6 3. Nc3 Bg7 4. e4 d6 5. Be3 0-0 6. h3 a6 7. Qd2 b5 8. Bd3 Bb7 9. Bh6 c5 10. Bxg7 Kxg7 11. e5 Nfd7 12. Be4 Nc6 13. exd6 exd6 14. 0-0-0 Nf6 15. dxc5 dxc5 16. Qf4 Qb8 17. Rd6 Ne8 18. Rhd1 Nxd6 19. Rxd6 Kg8 20. Qf6 Nd8 21. Qe7 Ra7 22. Rd7 Bxe4 23. Rxa7 Bxf3 24. gxf3 Nc6 25. Qxc5 Nxa7 26. Ne4 Qf4+ 27. Kb1 Qxf3 0-1

[Event "Reykjavik op"]
[Site "Reykjavik"]
[Date "2014.03.08"]
[Round "6"]
[White "Schadd, Jan"]
[Black "Nordquelle, Daniel"]
[Result "1/2-1/2"]
[WhiteElo "1893"]
[BlackElo "1654"]
[PlyCount "75"]
[EventDate "2014.03.04"]
[EventType "swiss"]
[EventRounds "10"]
[EventCountry "ISL"]
[SourceTitle "CBM 159 Extra"]
[Source "ChessBase"]
[SourceDate "2014.04.24"]
[SourceVersion "1"]
[SourceVersionDate "2014.04.24"]
[SourceQuality "1"]

1. Nf3 e6 2. b3 f5 3. Bb2 Nf6 4. d4 d5 5. e3 Bd6 6. Nbd2 0-0 7. c4 c6 8. Bd3 Nbd7 9. cxd5 cxd5 10. 0-0 Ne4 11. Qc2 Rf6 12. Ne5 Rh6 13. Bxe4 fxe4 14. Rfc1 Qg5 15. Nf1 Nxe5 16. dxe5 Bxe5 17. Bxe5 Qxe5 18. Qc7 Qxc7 19. Rxc7 Rf6 20. Rac1 Rf8 21. Ng3 b6 22. R1c6 Ba6 23. Rxe6 Rfc8 24. Ree7 Rxc7 25. Rxc7 Rc8 26. Rxc8+ Bxc8 27. Ne2 Kf7 28. Nd4 Bd7 29. Kf1 Ke7 30. Ke1 Kd6 31. Kd2 Kc5 32. Kc3 a6 33. h4 h6 34. Ne2 g5 35. hxg5 hxg5 36. a3 a5 37. Nd4 Kd6 38. b4 1/2-1/2